Texto Hebreo biblico de Sefarad en el Minhat Say de Y. S de Norzi / (Registro nro. 38864)
[ vista simple ]
| 000 -CABECERA | |
|---|---|
| campo de control de longitud fija | 00676nam a2200181 a 4500 |
| 001 - NÚMERO DE CONTROL | |
| campo de control | 000039374 |
| 005 - FECHA Y HORA DE LA ÚLTIMA TRANSACCIÓN | |
| campo de control | 20201002031623.0 |
| 008 - DATOS DE LONGITUD FIJA--INFORMACIÓN GENERAL | |
| campo de control de longitud fija | 130625s1979 sp 000 0 spa d |
| 020 ## - NÚMERO INTERNACIONAL ESTÁNDAR DEL LIBRO | |
| Número Internacional Estándar del Libro | 8400044983 |
| 040 ## - FUENTE DE LA CATALOGACIÓN | |
| Centro catalogador/agencia de origen | DO-SdBNP |
| Lengua de catalogación | spa |
| Centro/agencia transcriptor | BNPHU |
| 100 1# - ENTRADA PRINCIPAL--NOMBRE DE PERSONA | |
| Nombre de persona | Fernande Tejero, Emilia |
| 9 (RLIN) | 65576 |
| 245 10 - MENCIÓN DE TÍTULO | |
| Título | Texto Hebreo biblico de Sefarad en el Minhat Say de Y. S de Norzi / |
| Mención de responsabilidad, etc. | Emillia Fernandez Tejero. |
| 260 ## - PUBLICACIÓN, DISTRIBUCIÓN, ETC. | |
| Lugar de publicación, distribución, etc. | Madrid : |
| Nombre del editor, distribuidor, etc. | Consejo Superior de Investigación Científicas, |
| Fecha de publicación, distribución, etc. | 1979. |
| 300 ## - DESCRIPCIÓN FÍSICA | |
| Dimensiones | 28 cm. |
| 490 1# - MENCIÓN DE SERIE | |
| Mención de serie | Textos y estudios Cardenal Cisneros |
| Designación de volumen o secuencia | 24 |
| 710 2# - PUNTO DE ACCESO ADICIONAL--NOMBRE DE ENTIDAD CORPORATIVA | |
| Nombre de entidad corporativa o nombre de jurisdicción como elemento de entrada | Consejo Superior de Investigación Científicas |
| 9 (RLIN) | 63831 |
| 830 #0 - PUNTO DE ACCESO ADICIONAL DE SERIE-TÍTULO UNIFORME | |
| Título uniforme | Textos y estudios Cardenal Cisneros |
| Designación de volumen o secuencia | 24 |
| 9 (RLIN) | 65577 |
| Estado de retiro | Estado de pérdida | Restricciones de uso | No para préstamo | Código de colección | Localización permanente | Ubicación/localización actual | Ubicación en estantería | Fecha de adquisición | Número de inventario | Total de préstamos | Signatura topográfica completa | Código de barras | Fecha visto por última vez | Precio válido a partir de | Tipo de ítem Koha |
|---|---|---|---|---|---|---|---|---|---|---|---|---|---|---|---|
| Excluido de préstamo | Monografías: Libros y Folletos | General | General | En catalogación | 25.06.2013 | LF1 | 39374-10 | 25.06.2020 | 25.06.2020 | No se presta |
